| 000 | 01205nam a2200313 a 4500 | ||
|---|---|---|---|
| 001 | BRL_1353 | ||
| 005 | 20190320211149.0 | ||
| 008 | 080114s1941----u--ab#####---#000-0#eng-# | ||
| 041 | _aeng | ||
| 044 | _au | ||
| 050 | 4 |
_aGT625 _b.C67 1941 |
|
| 100 | 1 |
_aCordry, Donald Bush _9413 |
|
| 245 | 1 | 0 |
_aCostumes and weaving of the Zoque Indians of Chiapas, Mexico _cDonald Bush Cordry and Dorothy M. Cordry. |
| 260 |
_aLos Angeles, California _bSouthwest Museum _c1941 |
||
| 300 |
_a130 p. _bil. _c27 cm. |
||
| 440 | 0 |
_aSouthwest Museum papers _v14-15 _926620 |
|
| 500 | _aAu1571 | ||
| 500 | _aIncluye dedicatoria a Ruth Lechuga | ||
| 500 | _aCostumes anda textiles of the aztec indians of the Cuetzalán region, Puebla, México. Donald Bush Cordry and Dorothy M. Cordry. 1940. 60 p. | ||
| 504 | _aIncluye referencias bibliográficas | ||
| 650 | 1 | 4 |
_aIndumentaria indígena _zMéxico _926557 |
| 650 | 1 | 4 |
_aIndustria textil indígena _zMéxico _94675 |
| 650 | 1 | 4 |
_aTelas _zMéxico _926370 |
| 650 | 1 | 4 |
_aTextiles _zMéxico _94784 |
| 700 | 1 |
_aCordry, Dorothy M. _926589 |
|
| 740 | 0 | _aCostumes anda textiles of the aztec indians of the Cuetzalán region, Puebla, México | |
| 902 | _aGRL | ||
| 942 |
_2lcc _cB |
||
| 999 |
_c10165 _d10165 |
||